| 000 | 00745cam a22002175a 4500 | ||
|---|---|---|---|
| 001 | L152717 | ||
| 008 | 110418s2010 xxk f 001 0 eng d | ||
| 020 | _a9780434018543 | ||
| 035 | _a(Sirsi) u152717 | ||
| 041 | 0 | _aeng | |
| 100 | 1 | _aSaunders, Doug | |
| 245 | 0 | 0 |
_aArrival city _bhow the largest migration in history is reshaping our world |
| 260 |
_aLondon _bWilliam Heinemann _c2010 |
||
| 300 |
_a356p. _c24cm. |
||
| 520 | _aDiscusses the migration of people from rural to urban areas across the world, and the residential areas which they establish on the fringes of cities. | ||
| 521 | _aAdvanced | ||
| 590 | _aKA | ||
| 651 | 4 | _aInternational | |
| 690 | _aENVIRONMENTAL AND LAND CONSULTANCY-PLANNING AND DEVELOPMENT | ||
| 942 | _n0 | ||
| 999 |
_c112181 _d112181 |
||